| 000 | 01380nam a2200385 a 4500 | ||
|---|---|---|---|
| 001 | 000115083 | ||
| 003 | CHAP | ||
| 005 | 20220329144514.0 | ||
| 008 | 181001s2018 mx a sm |||||||spa d | ||
| 010 | _a111544 | ||
| 011 | _a112516 | ||
| 040 | _cCHAP | ||
| 090 | _aTesis | ||
| 100 | 1 |
_aCuevas Coeto, Axayacatl. _9129907 |
|
| 245 | 1 | 0 |
_aPropagación por fracciones mínimas, injerto y evaluación del potencial del mucílago de Opuntia spp. como enraizador / _h[En línea] _cpor Axayacatl Cuevas Coeto. |
| 260 |
_aChapingo, Méx. : _bEl autor, _c2018. |
||
| 500 | _aPara ver el contenido del material haga clic en la liga | ||
| 502 | _aTesis (M.C. en Horticultura) -- UACH. Departamento de Fitotecnia | ||
| 590 |
_aE8697GMM _b05 _c20181001 _lUCH01 _h1233 |
||
| 590 |
_aE8697GMM _b05 _c20181001 _lUCH01 _h1237 |
||
| 590 |
_aE8697GMM _b05 _c20181001 _lUCH01 _h1419 |
||
| 590 |
_aE8697GMM _b05 _c20181001 _lUCH01 _h1422 |
||
| 590 |
_aE8697GMM _b05 _c20181130 _lUCH01 _h1139 |
||
| 590 |
_aE8697GMM _b05 _c20190516 _lUCH01 _h1350 |
||
| 650 | 1 | 4 |
_aEnraizamiento. _937013 |
| 650 | 1 | 4 |
_aInjertos. _958808 |
| 650 | 1 | 4 |
_aMucílagos. _979255 |
| 650 | 1 | 4 |
_aNopal _xAnálisis. _981650 |
| 650 | 1 | 4 |
_aOpuntia. _983387 |
| 650 | 1 | 4 |
_aPropagación de plantas. _992417 |
| 856 |
_aFinding aid _uhttp://10.13.5.2/tesis/sist115083.pdf _zTeclea aquí |
||
| 901 | _aBK | ||
| 942 | _cTESIS | ||
| 942 | _n0 | ||
| 999 |
_c111544 _d111544 |
||